Szczegóły MARC21

Hörverstehen : podręcznik do nauki rozumienia języka niemieckiego ze słuchu /

003 -Nazwa inst., której nr kontr. jest w polu 001 [,]
    • @
    • Nazwa instytucji, której n kontrolny jest w polu 001
    • NUKAT
005 -DATA I CZAS OSTATNIEJ MODYFIKACJI [,]
    • @
    • pole kontrolne
    • 20241231111224.0
020 -Międzynarod. znormalizowany nr książki - ISBN [ , ]
    • a
    • Numer ISBN
    • 9788375610819 Find
028 - [0,1]
    • a
    • Oznaczenie katalogowe
    • P 04990102
    • b
    • Nazwa wydawcy
    • Wydawnictwo Poltext
040 -Instytucja sporządzająca opis [ , ]
    • a
    • Instytucja, która sporządziła opis (NP)
    • KR U/SM
    • c
    • Instytucja, która sporządziła rekord (NP)
    • KR U/SM
    • d
    • Instytucja, która zmodyfikowała rekord (P)
    • KR U/SMs
942 -Rodzaj dokumentu [ , ]
    • c
    • Rodzaj dokumentu
    • Książka
100 -Hasło główne - nazwa osobowa [1, ]
    • a
    • Nazwa osobowa (NP)
    • Ganczar, Maciej
    • d
    • Daty biograficzne (NP)
    • (1976- ).
    • 9
    • KHW
    • 19576
245 -Strefa tytułu i oznaczenia odpowiedzialności [1,0]
    • a
    • Tytuł
    • Hörverstehen : Find
    • b
    • Ciąg dalszy tytułu (NP)
    • podręcznik do nauki rozumienia języka niemieckiego ze słuchu / Find
    • c
    • Pozostałe elementy strefy tytułu i oznaczenia odpowiedzialności (NP)
    • Maciej Ganczar, Katarzyna Matusiak.
260 -Strefa adresu wydawniczego [ , ]
    • a
    • Miejsce wydania (P)
    • Warszawa :
    • b
    • Nazwa wydawcy (P)
    • Wydawnictwo Poltext,
    • c
    • Data wydania (P)
    • cop. 2010.
300 -Strefa opisu fizycznego [ , ]
    • a
    • Określenie formy książki i/lub objętość (NP)
    • 1 płyta CD (5 godz. 9 min 23 s) :
    • b
    • Oznaczenie ilustracji (NP)
    • digital, stereo. ;
    • c
    • Format (NP)
    • 12 cm +
    • e
    • Oznaczenie dokumentu towarzyszącego (NP)
    • książka z ćwiczeniami : 120 s. ; 18 cm.
336 -Typ zawartości [ , ]
    • a
    • Termin opisujący typ zawartości
    • Słowo mówione
    • b
    • Kod określający zawartość
    • spw
    • 2
    • Źródło (terminu i kodu)
    • rdacontent
337 -Typ mediów [ , ]
    • a
    • Tryb odtwarzania
    • Audio
    • b
    • Kod typu mediów
    • s
    • 2
    • Źródło (terminu i kodu)
    • rdamedia
338 -Typ/rodzaj nośnika [ , ]
    • a
    • Hasło opisujące typ nośnika
    • Płyta audio
    • b
    • Kod typu nośnika
    • sd
    • 2
    • Źródło (terminu i kodu)
    • rdacarrier
500 -Uwaga ogólna [ , ]
    • a
    • Uwaga ogólna (NP)
    • Tyt. z etykiety dysku.
500 -Uwaga ogólna [ , ]
    • a
    • Uwaga ogólna (NP)
    • Na pojemniku: Dynamiczne dialogi, bogate słownictwo, ośmiu lektorów.
500 -Uwaga ogólna [ , ]
    • a
    • Uwaga ogólna (NP)
    • Dokument towarzyszący: książka z ćwiczeniami / red. Anna Żółcińska.
520 -Adnotacja wyjaśniająca lub analiza wskazująca [8, ]
    • a
    • Adnotacja wyjaśniająca lub analiza wskazująca
    • Podręcznik skierowany jest do osób uczących się języka niemieckiego na poziomie od B1+ do C1 - maturzystów, studentów filologii germańskiej, słuchaczy kolegiów językowych, uczestników kursów przygotowujących do certyfikatów.
538 -Uwaga dot. systemu [ , ]
    • a
    • Uwaga dot. systemu
    • Format mp3.
080 -Uniwersalna Klasyfikacja Dziesiętna [ , ]
    • 2
    • Identyfikator wydania tablic
    • UDC-P022
    • 9
    • UKD
    • 8671
    • a
    • Symbol klasyfikacji
    • 811.112.2'24
    • b
    • Dopowiedzenie
    • Język niemiecki. - Praktyczna znajomość języków.
    • 4
    • UKD2
    • 9118
    • x
    • Poddział wspólny
    • (078)
    • c
    • Dopowiedzenie poddz. wspólnego
    • (Dokumenty przeznaczone do nauczania. Rozmówki).
650 -Hasło przedmiotowe [ ,7]
    • a
    • Hasło przedmiotowe
    • Język niemiecki
    • v
    • Określnik formalny
    • podręczniki dla polskojęzycznych.
    • 2
    • Źródło terminu
    • kaba
    • 9
    • KHW
    • 353754
650 -Hasło przedmiotowe [ ,7]
    • a
    • Hasło przedmiotowe
    • Język niemiecki
    • v
    • Określnik formalny
    • zadania i ćwiczenia.
    • 2
    • Źródło terminu
    • kaba
    • 9
    • KHW
    • 363987
980 -Symbol UKD [ , ]
    • a
    • UKD
    • 811.112.2'24(078)
700 -Hasło dodatkowe - nazwa osobowa [1, ]
    • a
    • Nazwa osobowa (NP)
    • Matusiak, Katarzyna Find
    • c
    • Dopowiedzenie inne niż daty biograficzne (NP)
    • (język niemiecki).
    • 9
    • KHW
    • 467991
700 -Hasło dodatkowe - nazwa osobowa [1, ]
    • a
    • Nazwa osobowa (NP)
    • Bibro, Magdalena. Find
    • e
    • Określenie rodzaju współpracy
    • Lekt.
    • 9
    • KHW
    • 631478
710 -Hasło dodatkowe - nazwa ciała zbiorowego [2, ]
    • a
    • Nazwa ciała zbiorowego lub nazwa geograficzna jako pierwszy element (NP)
    • Sonic Alchemy.
    • 9
    • KHW
    • 631479
710 -Hasło dodatkowe - nazwa ciała zbiorowego [2, ]
    • a
    • Nazwa ciała zbiorowego lub nazwa geograficzna jako pierwszy element (NP)
    • Wydawnictwo Poltext.
    • 4
    • Kod relacji
    • pbl
    • 9
    • KHW
    • 53400
920 -ISBN [ , ]
    • a
    • ISBN
    • 978-83-7561-081-9 Find
Sygnatura Lokalizacja Data inwentaryzacji Status udost. Numer inwentarzowy
Germ. Nauka jęz.-podręczniki 42BM2010-10-29-3BC.6310